000 00657na a2200229 4500
001 23788
003 MIRAKIL
005 20181213155317.0
008 171226b tu 000 0
040 _aMilas
_btur
_cTR-AnCHP
041 _atur
082 _a343.0253
_bP37ö 1989
090 _a343.0253 P37ö 1989
110 _aPetrol-İş
245 _aÖzelleştirme üzerine
_cPetrol-İş
260 _aİstanbul
_bPetrol-İş
_c1989
_fCan Ofset
300 _a288 s.
_btbl. , fotğ.
_c23 sm.
440 _aPetrol-iş yayını
_v24
650 _aÖzelleştirme
_zTürkiye
650 _aKamu malları hukuku
_xÖzelleştirme
_zTürkiye
942 _2ddc
_cBKS
999 _c10355
_d10355